<?xml version="1.0" encoding="UTF-8"?>
<record
    xmlns:xsi="http://www.w3.org/2001/XMLSchema-instance"
    xsi:schemaLocation="http://www.loc.gov/MARC21/slim http://www.loc.gov/standards/marcxml/schema/MARC21slim.xsd"
    xmlns="http://www.loc.gov/MARC21/slim">

  <leader>01307nam1a2200337   4500</leader>
  <controlfield tag="001">RU\NLR\BIBL_A\011721667</controlfield>
  <controlfield tag="005">20241102054652.0</controlfield>
  <datafield tag="035" ind1=" " ind2=" ">
    <subfield code="a">(NLR Aleph) 011721667</subfield>
  </datafield>
  <datafield tag="090" ind1=" " ind2=" ">
    <subfield code="a">11486832</subfield>
    <subfield code="c">11486832</subfield>
  </datafield>
  <datafield tag="100" ind1=" " ind2=" ">
    <subfield code="a">20180601g20189999k  y0rusy50      ca</subfield>
  </datafield>
  <datafield tag="101" ind1="0" ind2=" ">
    <subfield code="a">rus</subfield>
  </datafield>
  <datafield tag="102" ind1=" " ind2=" ">
    <subfield code="a">RU</subfield>
  </datafield>
  <datafield tag="105" ind1=" " ind2=" ">
    <subfield code="a">|   z   |||||</subfield>
  </datafield>
  <datafield tag="200" ind1="1" ind2=" ">
    <subfield code="a">&#x41F;&#x440;&#x43E;&#x431;&#x43B;&#x435;&#x43C;&#x44B; &#x43A;&#x43E;&#x434;&#x438;&#x444;&#x438;&#x43A;&#x430;&#x446;&#x438;&#x438; &#x43A;&#x43E;&#x440;&#x43F;&#x43E;&#x440;&#x430;&#x442;&#x438;&#x432;&#x43D;&#x43E;&#x433;&#x43E; &#x438; &#x432;&#x435;&#x449;&#x43D;&#x43E;&#x433;&#x43E; &#x43F;&#x440;&#x430;&#x432;&#x430;</subfield>
    <subfield code="e">&#x438;&#x437;&#x431;&#x440;&#x430;&#x43D;&#x43D;&#x44B;&#x435; &#x442;&#x440;&#x443;&#x434;&#x44B;...</subfield>
    <subfield code="f">&#x415;. &#x410;. &#x421;&#x443;&#x445;&#x430;&#x43D;&#x43E;&#x432;</subfield>
  </datafield>
  <datafield tag="210" ind1=" " ind2=" ">
    <subfield code="a">&#x41C;&#x43E;&#x441;&#x43A;&#x432;&#x430;</subfield>
    <subfield code="c">&#x421;&#x442;&#x430;&#x442;&#x443;&#x442;</subfield>
    <subfield code="c">Legal Intelligence Group Law Firm</subfield>
    <subfield code="d">2018</subfield>
  </datafield>
  <datafield tag="215" ind1=" " ind2=" ">
    <subfield code="d">22</subfield>
  </datafield>
  <datafield tag="606" ind1="1" ind2=" ">
    <subfield code="a">&#x410;&#x43A;&#x446;&#x438;&#x43E;&#x43D;&#x435;&#x440;&#x43D;&#x44B;&#x435; &#x43E;&#x431;&#x449;&#x435;&#x441;&#x442;&#x432;&#x430;</subfield>
    <subfield code="j">&#x421;&#x431;&#x43E;&#x440;&#x43D;&#x438;&#x43A;&#x438;</subfield>
    <subfield code="x">&#x41F;&#x440;&#x430;&#x432;&#x43E;&#x432;&#x43E;&#x435; &#x43F;&#x43E;&#x43B;&#x43E;&#x436;&#x435;&#x43D;&#x438;&#x435;</subfield>
    <subfield code="9">933751</subfield>
    <subfield code="3">RU\NLR\AUTH\6625719</subfield>
  </datafield>
  <datafield tag="606" ind1=" " ind2=" ">
    <subfield code="a">&#x412;&#x435;&#x449;&#x43D;&#x43E;&#x435; &#x43F;&#x440;&#x430;&#x432;&#x43E;</subfield>
    <subfield code="j">&#x421;&#x431;&#x43E;&#x440;&#x43D;&#x438;&#x43A;&#x438;</subfield>
    <subfield code="9">1237887</subfield>
    <subfield code="3">RU\NLR\AUTH\66187917</subfield>
  </datafield>
  <datafield tag="686" ind1=" " ind2=" ">
    <subfield code="a">&#x425;623.1&#x44F;44</subfield>
    <subfield code="2">rubbk</subfield>
  </datafield>
  <datafield tag="686" ind1=" " ind2=" ">
    <subfield code="a">&#x425;623.012&#x44F;44</subfield>
    <subfield code="2">rubbk</subfield>
  </datafield>
  <datafield tag="686" ind1="1" ind2=" ">
    <subfield code="a">&#x425;623.012&#x44F;44</subfield>
  </datafield>
  <datafield tag="686" ind1="1" ind2=" ">
    <subfield code="a">&#x425;830.141.4&#x44F;44</subfield>
  </datafield>
  <datafield tag="686" ind1="1" ind2=" ">
    <subfield code="a">&#x425;623.1&#x44F;44</subfield>
  </datafield>
  <datafield tag="686" ind1="1" ind2=" ">
    <subfield code="a">&#x425;831&#x44F;44</subfield>
  </datafield>
  <datafield tag="700" ind1=" " ind2="1">
    <subfield code="7">ca</subfield>
    <subfield code="8">rus</subfield>
    <subfield code="a">&#x421;&#x443;&#x445;&#x430;&#x43D;&#x43E;&#x432;</subfield>
    <subfield code="b">&#x415;. &#x410;.</subfield>
    <subfield code="f">1948-</subfield>
    <subfield code="g">&#x415;&#x432;&#x433;&#x435;&#x43D;&#x438;&#x439; &#x410;&#x43B;&#x435;&#x43A;&#x441;&#x435;&#x435;&#x432;&#x438;&#x447;</subfield>
    <subfield code="9">112297</subfield>
    <subfield code="3">RU\NLR\AUTH\772281</subfield>
  </datafield>
  <datafield tag="852" ind1=" " ind2=" ">
    <subfield code="a">NLR</subfield>
    <subfield code="j">2018-5/3689</subfield>
  </datafield>
  <datafield tag="942" ind1=" " ind2=" ">
    <subfield code="c">BOOK</subfield>
  </datafield>
  <datafield tag="980" ind1=" " ind2=" ">
    <subfield code="a">NBR</subfield>
  </datafield>
</record>
